00635 a2200169 4500008004100000010001400041020002300055035001300078082001500091100002100106245006700127260005000194270014100244300003100385500002000416650002900436080820t xxu||||| |||| 00| 0 eng d aENG-84810 a8175345500c895.00 aEN-68343 a342.540662 aBarowalia, J. N. aCommentary on the right to information actcby J. N. Barowalia aNew Delhi :bUniversal Law Publishing,c2006. aC-FF-1A, Dilkhush Industrial Area, G. T. Karnal Road,bDelhicDelhie110033k011-27438103, 27215334l011-27458529msales@unilawbooks.com axxxiv, 903 p.c24 cm. (Hb) aIncludes index aRight to information act